[Event "Let's Play Chess!"]
[Site "http://www.queenalice.com/game.php?id=4647"]
[Date "2005.2.3"]
[Round "-"]
[White "MikeDoherty"]
[Black "kstuart"]
[Result "1/2-1/2"]
[WhiteElo "1689"]
[BlackElo "1792"]

1. d4 d5 2. c4 e6 3. Nc3 Nf6 4. Nf3 Bb4 5. e3 c5 6. Bd2 Nc6 7. dxc5 Bxc5 8. Be2
d4 9. exd4 Nxd4 10. Nxd4 Bxd4 11. O-O O-O 12. Qc2 Be5 13. Rad1 Qc7 14. Nb5 Qe7
15. a3 Rd8 16. Bb4 Qe8 17. Bc3 Rxd1 1/2-1/2

[Event "Let's Play Chess!"]
[Site "http://www.queenalice.com/game.php?id=4648"]
[Date "2005.2.3"]
[Round "-"]
[White "kstuart"]
[Black "MikeDoherty"]
[Result "1-0"]
[WhiteElo "1816"]
[BlackElo "1929"]

1. c4 Nf6 2. d4 e5 3. dxe5 Ng4 4. Qd4 d6 5. exd6 Bxd6 6. Nf3 O-O 7. Bg5 Qe8 8.
Nc3 Nc6 9. Qe4 Be6 10. e3 f5 11. Qc2 f4 12. h3 Nge5 13. Nxe5 Bxe5 14. O-O-O fxe3
15. Bxe3 Bf5 16. Qb3 b6 17. Nd5 Na5 18. Qb4 c5 19. Qa3 Nc6 20. Bd3 Be6 21. Be4
Rc8 22. Qd3 g6 23. Rhe1 Bg7 24. Bf4 Rxf4 25. Nxf4 Bh6 26. Qd6 Qf7 27. g3 Nd4 28.
Bd5 Bxd5 29. Qxd5 Qxd5 30. cxd5 Rd8 31. Re5 Rf8 32. Re7 Rf5 33. d6 1-0

[Event "AUTO-MASTER-03"]
[Site "http://www.queenalice.com/game.php?id=7826"]
[Date "2005.3.26"]
[Round "1"]
[White "torkonator"]
[Black "kstuart"]
[Result "0-1"]
[WhiteElo "1190"]
[BlackElo "1901"]

1. e4 c5 2. Nf3 d6 3. d4 cxd4 4. Nxd4 Nf6 5. Nc3 a6 6. Bc4 g6 7. O-O Bg7 8. Bg5
O-O 9. Re1 Qb6 10. Rb1 Qc5 11. Qd3 Qxg5 12. Re3 b5 13. Bd5 Nxd5 14. Nxd5 e6 0-1

[Event "AUTO-MASTER-03"]
[Site "http://www.queenalice.com/game.php?id=7827"]
[Date "2005.3.26"]
[Round "1"]
[White "kstuart"]
[Black "torkonator"]
[Result "1-0"]
[WhiteElo "1899"]
[BlackElo "1192"]

1. e4 e5 2. f4 exf4 3. Nf3 d6 4. d4 Nf6 5. Nc3 Be7 6. Bd3 Bg4 7. Bxf4 O-O 8. O-O
Nc6 9. Be2 Re8 10. d5 Bxf3 11. Bxf3 Ne5 12. Qd4 c5 13. Qe3 Bf8 14. Rad1 Qb6 15.
b3 1-0

[Event "AUTO-MASTER-03"]
[Site "http://www.queenalice.com/game.php?id=7838"]
[Date "2005.3.26"]
[Round "1"]
[White "ClioV6"]
[Black "kstuart"]
[Result "0-1"]
[WhiteElo "1942"]
[BlackElo "1853"]

1. d4 Nf6 2. Nf3 d5 3. e3 Bg4 4. c4 e6 5. Nc3 Bb4 6. Qa4+ Nc6 7. Ne5 Bxc3+ 8.
bxc3 O-O 9. Nxc6 bxc6 10. Bd3 Qd7 11. cxd5 cxd5 12. Qxd7 Nxd7 13. Rb1 Rab8 14.
Rxb8 Rxb8 15. f3 Bh5 16. e4 c5 17. exd5 cxd4 18. cxd4 exd5 19. Kd2 Nf8 20. Re1
Ne6 21. Re5 Nf4 0-1

[Event "AUTO-MASTER-03"]
[Site "http://www.queenalice.com/game.php?id=7839"]
[Date "2005.3.26"]
[Round "1"]
[White "kstuart"]
[Black "ClioV6"]
[Result "1-0"]
[WhiteElo "1873"]
[BlackElo "1922"]

1. e4 c5 2. Nf3 Nc6 3. d4 cxd4 4. Nxd4 Nf6 5. Nc3 e5 6. Ndb5 d6 7. Bg5 a6 8.
Bxf6 gxf6 9. Na3 b5 10. Nd5 f5 11. exf5 Bxf5 12. Qf3 Be6 13. Nf6+ Ke7 14. Nxh7
Rxh7 15. Bd3 Nd4 16. Qb7+ Bd7 17. Bxh7 Nc6 18. Be4 Ra7 19. Bxc6 Rxb7 20. Bxb7
Qc7 21. Be4 1-0

[Event "AUTO-MASTER-03"]
[Site "http://www.queenalice.com/game.php?id=7846"]
[Date "2005.3.26"]
[Round "1"]
[White "kstuart"]
[Black "adilson_camargo"]
[Result "1-0"]
[WhiteElo "1907"]
[BlackElo "1695"]

1. e4 e5 2. Nf3 d6 3. Bb5+ c6 4. Bc4 d5 5. exd5 cxd5 6. Bb5+ Bd7 7. Qe2 e4 8.
O-O Bd6 9. d4 Bxb5 10. Qxb5+ Qd7 11. Qxd7+ Nxd7 12. Nfd2 Ngf6 13. Re1 O-O 14. c4
Bb4 15. a3 Bxd2 16. Nxd2 dxc4 17. Nxc4 Rac8 18. Nd6 Rc7 19. Bg5 Nd5 20. Rac1 f5
21. Rxc7 Nxc7 22. Be7 Rb8 23. Nxf5 Nf6 24. Bxf6 gxf6 25. Rxe4 Rd8 26. Re7 Nb5
27. Rxb7 Nxd4 28. Nh6+ Kf8 29. Rxh7 Rd5 30. Rxa7 Nf5 31. Ra8+ Kg7 32. Nxf5+ Rxf5
33. b4 Re5 34. h4 Kf7 35. g4 Kg7 36. Kg2 Kh7 37. f4 Re3 38. b5 Rb3 39. a4 Rb4
40. Kf3 Kg7 41. h5 Kh7 42. g5 fxg5 43. fxg5 Kg7 44. Ra7+ Kh8 45. g6 Kg8 46. h6
Rh4 47. Ra8# 1-0

[Event "AUTO-MASTER-03"]
[Site "http://www.queenalice.com/game.php?id=7847"]
[Date "2005.3.26"]
[Round "1"]
[White "adilson_camargo"]
[Black "kstuart"]
[Result "0-1"]
[WhiteElo "1686"]
[BlackElo "1891"]

1. d4 d5 2. c4 e6 3. c5 c6 4. e3 Nf6 5. Nf3 b6 6. b4 Be7 7. Bd3 a5 8. Qa4 O-O 9.
Nc3 Ba6 10. Bxa6 axb4 11. Qxb4 bxc5 12. dxc5 Nxa6 13. Qb3 Qc7 14. O-O Nxc5 15.
Qc2 e5 16. Bb2 Rfb8 17. Rfb1 e4 18. Nd4 Bd6 19. g3 Nd3 20. Bc1 Qd7 21. Bd2 Qh3
22. Nce2 Ng4 0-1

[Event "Let's Play Chess!"]
[Site "http://www.queenalice.com/game.php?id=14966"]
[Date "2005.6.1"]
[Round "-"]
[White "waltc"]
[Black "kstuart"]
[Result "1/2-1/2"]
[WhiteElo "2087"]
[BlackElo "1940"]

1. e4 b6 2. d4 Bb7 3. Nc3 e6 4. Bf4 d5 5. exd5 exd5 6. Qd2 Bd6 7. O-O-O Ne7 8.
Bg5 c6 9. Bd3 O-O 10. Nf3 Qc7 11. Kb1 f6 12. Be3 Na6 13. a3 Rae8 14. h4 f5 15.
g3 Nb8 16. h5 Nd7 17. Bf4 Bxf4 18. gxf4 Nf6 19. Ne5 Ne4 20. Qe1 Rf6 21. Ne2 c5
22. Bb5 Nc6 23. f3 Nd6 24. Bxc6 Bxc6 25. Qf2 Bb7 26. Rhg1 Rfe6 27. Rg5 a6 28.
Rdg1 R8e7 29. Qg2 Nc4 30. Qf2 Nd6 31. Qg2 h6 32. Rg6 Nb5 33. Qh3 Rxg6 34. Rxg6
Nd6 35. c3 Bc6 36. Nc1 Bb5 37. Qh4 cxd4 38. cxd4 Ba4 39. Qf2 Be8 40. Rg2 Nc4
1/2-1/2

[Event "Let's Play Chess!"]
[Site "http://www.queenalice.com/game.php?id=14967"]
[Date "2005.6.1"]
[Round "-"]
[White "kstuart"]
[Black "waltc"]
[Result "1-0"]
[WhiteElo "1945"]
[BlackElo "1831"]

1. e4 e5 2. Nf3 Nc6 3. d4 exd4 4. Nxd4 Qh4 5. Nc3 Bb4 6. Bc4 Qxe4+ 7. Qe2 Nf6 8.
Qxe4+ Nxe4 9. Nb5 Ba5 10. Nxc7+ Bxc7 11. Nxe4 O-O 12. Be3 d5 13. Bxd5 Bf5 14.
O-O Be5 15. Nc5 Bxb2 16. Rab1 Ba3 17. Rxb7 Nb4 18. c4 Rac8 19. Rd1 a5 20. Nb3 a4
21. Nd4 Bg6 22. Nb5 Nxd5 23. cxd5 Bb4 24. Rd4 Bc5 25. Rxa4 Bxe3 26. fxe3 h5 27.
Nc7 Rfd8 28. Raa7 Be4 29. a4 h4 30. a5 Rd6 31. a6 Rg6 32. Rb2 Rd6 33. Rab7 Rxc7
34. Rxc7 Rxa6 35. Rd7 Ra1+ 36. Kf2 Rd1 37. d6 Kh7 38. Ke2 Rg1 39. Rxf7 Bc6 40.
Kd3 h3 41. g3 Rg2 42. Kc3 Kg6 43. d7 1-0

[Event "Let's Play Chess!"]
[Site "http://www.queenalice.com/game.php?id=15290"]
[Date "2005.6.5"]
[Round "-"]
[White "kstuart"]
[Black "silvaguimaraes"]
[Result "1-0"]
[WhiteElo "1915"]
[BlackElo "1661"]

1. e4 c5 2. Nf3 d6 3. d4 cxd4 4. Nxd4 e5 5. Bb5+ Bd7 6. O-O exd4 7. Bxd7+ Nxd7
8. Bf4 Qf6 9. g3 g5 10. Bd2 Bg7 11. Na3 Ne7 12. Nb5 O-O 13. f4 gxf4 14. Bxf4 Nc8
15. Bxd6 Qg6 16. Bxf8 Nxf8 17. Nxd4 Qxe4 18. c3 Qe3+ 19. Kg2 Nb6 20. Nf5 Qe4+
21. Qf3 Qxf3+ 22. Rxf3 Nc4 23. Ne7+ Kh8 24. Rxf7 Re8 25. Nf5 Ne3+ 26. Nxe3 Rxe3
27. Rxb7 Re2+ 28. Kh3 h6 29. Rd1 a5 30. Rd5 a4 31. Ra5 Re4 32. Ra8 Rc4 33. Rf7
Kg8 34. Rf4 Rc5 35. Raxa4 Ng6 36. Rf2 Rh5+ 37. Kg2 Rg5 38. Ra8+ Kh7 39. a4 Nh4+
40. Kg1 Kg6 41. a5 Kh5 42. a6 Ng6 43. a7 Ra5 44. Rf7 Ra1+ 45. Kg2 Be5 46. Rg8
Kg5 47. h4+ Kh5 48. Rf5+ Kg4 49. Rxe5 Ra6 50. a8=Q Rxa8 51. Rxg6# 1-0

[Event "Let's Play Chess!"]
[Site "http://www.queenalice.com/game.php?id=15291"]
[Date "2005.6.5"]
[Round "-"]
[White "serginh0w"]
[Black "kstuart"]
[Result "0-1"]
[WhiteElo "1194"]
[BlackElo "1903"]

1. d4 d5 2. Nc3 e6 3. Bd2 Nf6 4. e4 dxe4 5. Bg5 Nbd7 6. d5 h6 7. Bxf6 Qxf6 8. f3
Bb4 9. Ne2 exf3 10. Ng3 Qe5+ 11. Kf2 Bc5+ 12. Kxf3 Qe3+ 13. Kg4 Ne5+ 14. Kh3
exd5+ 15. Kh4 Qg5# 0-1

[Event "QA-ANNIV-01"]
[Site "http://www.queenalice.com/game.php?id=15358"]
[Date "2005.6.4"]
[Round "1"]
[White "alanski27"]
[Black "kstuart"]
[Result "0-1"]
[WhiteElo "1413"]
[BlackElo "1905"]

1. e4 b6 2. d4 Bb7 3. d5 d6 4. Be3 Nf6 5. Bd3 g6 6. Nf3 Bg7 7. c3 c6 8. c4 O-O
9. h3 cxd5 10. cxd5 Nxe4 11. Bxe4 Bxb2 12. Nbd2 Bxa1 13. Qxa1 Re8 14. Bh6 f6 15.
Ng5 e5 16. Ne6 Qe7 17. g4 Na6 18. h4 Nb4 19. O-O Nxd5 20. Rc1 Qxe6 21. Rc7 Qxg4+
22. Bg2 Ne3 23. Rg7+ Kh8 0-1

[Event "QA-ANNIV-01"]
[Site "http://www.queenalice.com/game.php?id=28995"]
[Date "2005.9.16"]
[Round "2"]
[White "kstuart"]
[Black "Winclick"]
[Result "1/2-1/2"]
[WhiteElo "1946"]
[BlackElo "1836"]

1. e4 e5 2. Nf3 Nc6 3. d4 exd4 4. Nxd4 g6 5. Nc3 Bg7 6. Be3 d6 7. Bc4 Nf6 8. O-O
O-O 9. Nd5 Nxe4 10. Nb5 Bxb2 11. Rb1 Be5 12. Nbxc7 Rb8 13. Bd3 Nc3 14. Nxc3 Bxc3
15. Nb5 Bf6 16. Nxa7 Nxa7 17. Bxa7 Ra8 18. Bb6 Qd7 19. Bb5 Qe7 20. Re1 Be6 21.
a4 Be5 22. Bd4 Qf6 23. Bxe5 dxe5 24. Qd6 Rfd8 25. Qxe5 Qxe5 26. Rxe5 Rd2 27. Bd3
Rxa4 28. Kf1 Rf4 29. Re2 Rxe2 30. Kxe2 Bd5 1/2-1/2

[Event "AUTO-MASTER-03"]
[Site "http://www.queenalice.com/game.php?id=29377"]
[Date "2005.9.18"]
[Round "2"]
[White "EdoVillarroel"]
[Black "kstuart"]
[Result "0-1"]
[WhiteElo "1832"]
[BlackElo "1968"]

1. e4 c5 2. c3 d6 3. d4 cxd4 4. cxd4 Nc6 5. Nf3 Nf6 6. d5 Ne5 7. Nc3 Nxf3+ 8.
Qxf3 Bd7 9. Bg5 Qb6 10. b3 Ng4 11. Rc1 Rc8 12. Bf4 g6 13. Bb5 Bxb5 14. Qxg4 Bd7
15. Qf3 Bg7 16. O-O O-O 17. Ne2 Qa5 18. a4 e5 19. Bg5 f6 20. Be3 f5 21. exf5
Bxf5 22. Rxc8 Bxc8 23. Qe4 Bf5 24. Qh4 Bd3 25. Qg4 h5 26. b4 Qxd5 27. Nc3 Qb3
0-1

[Event "AUTO-MASTER-03"]
[Site "http://www.queenalice.com/game.php?id=29378"]
[Date "2005.9.18"]
[Round "2"]
[White "kstuart"]
[Black "EdoVillarroel"]
[Result "1-0"]
[WhiteElo "1956"]
[BlackElo "1844"]

1. e4 e6 2. d4 d5 3. e5 c5 4. c3 Nc6 5. Nf3 Qb6 6. Bd3 Bd7 7. O-O cxd4 8. Qd2 f6
9. cxd4 Be7 10. Nc3 Nh6 11. Na4 Qb4 12. exf6 Bxf6 13. Nc5 Qxd2 14. Bxd2 Nxd4 15.
Nxd4 Bxd4 16. Be3 Bxe3 17. fxe3 Ng4 18. Nxd7 Kxd7 19. Rf7+ Kd6 20. Rxg7 Nxe3 21.
Re1 d4 22. Bxh7 e5 23. Rxb7 Kc6 24. Be4+ Kd6 25. Rc1 Rac8 26. Rxc8 Rxc8 27. Rxa7
Ng4 28. Ra6+ 1-0

[Event "AUTO-MASTER-03"]
[Site "http://www.queenalice.com/game.php?id=29379"]
[Date "2005.9.18"]
[Round "2"]
[White "NextFuture"]
[Black "kstuart"]
[Result "0-1"]
[WhiteElo "1996"]
[BlackElo "1921"]

1. f4 d5 2. Nf3 e6 3. b3 Nf6 4. Bb2 Bc5 5. e3 O-O 6. Be2 Nc6 7. O-O d4 8. b4
Bxb4 9. Nxd4 Nxd4 10. Bxd4 c5 11. Bb2 Bd7 12. Bf3 Bc6 13. Bxc6 bxc6 14. a3 Ba5
15. Bc3 Rb8 16. Bxa5 Qxa5 17. Nc3 Nd5 18. Ne4 Rb2 19. Rf3 Rd8 20. Rh3 h6 21. Qh5
Qa4 22. Nxc5 Qxc2 0-1

[Event "AUTO-MASTER-03"]
[Site "http://www.queenalice.com/game.php?id=29380"]
[Date "2005.9.18"]
[Round "2"]
[White "kstuart"]
[Black "NextFuture"]
[Result "1/2-1/2"]
[WhiteElo "1942"]
[BlackElo "2025"]

1. e4 e5 2. Nf3 Nc6 3. Nc3 Nf6 4. Bc4 Bc5 5. O-O O-O 6. d3 d6 7. Bg5 h6 8. Bh4
Bg4 9. Na4 Nd4 10. Nxc5 dxc5 11. c3 Nxf3+ 12. gxf3 Bh3 13. Re1 Qd6 14. Re3 Bd7
15. a4 Nh5 16. b3 a6 17. a5 Nf4 18. Qc2 Bh3 19. Bg3 Qf6 20. Kh1 h5 21. Rg1 Rad8
22. Bxf4 Qxf4 23. Qc1 Rd6 24. Qa3 Kh7 25. Qxc5 h4 26. Qxc7 Rg6 27. Rxg6 fxg6 28.
Qe7 1/2-1/2

[Event "Let's Play Chess!"]
[Site "http://www.queenalice.com/game.php?id=46802"]
[Date "2006.1.7"]
[Round "-"]
[White "jamasu"]
[Black "kstuart"]
[Result "0-1"]
[WhiteElo "1250"]
[BlackElo "1979"]

1. c4 c5 2. d3 d6 3. Nf3 Nf6 4. Qa4+ Nc6 5. e4 e5 6. Nc3 Be7 7. b4 cxb4 8. Nd5
O-O 9. Nxf6+ Bxf6 10. Be2 Bd7 11. Qb3 Be6 12. Ng5 Bxg5 13. O-O Bxc1 14. Rfxc1 f5
15. a4 Qh4 16. g3 Qf6 17. h4 fxe4 18. dxe4 Qxf2+ 19. Kh1 Nd4 20. Rf1 Qxe2 21.
Qxb4 Rxf1+ 22. Rxf1 Qxf1+ 23. Kh2 Nf3# 0-1

[Event "Challenge"]
[Site "http://www.queenalice.com/game.php?id=59004"]
[Date "2006.3.23"]
[Round "-"]
[White "kstuart"]
[Black "Lcannon610"]
[Result "0-1"]
[WhiteElo "1981"]
[BlackElo "1768"]

1. e4 d5 2. exd5 Qxd5 3. Nc3 Qd8 4. d4 Nf6 5. Nf3 e6 6. Bc4 Nc6 7. O-O a6 8. Be3
Bd6 9. Re1 O-O 10. Bg5 b5 11. Bxf6 Qxf6 12. Ne4 Qf4 13. Nxd6 cxd6 14. Bd3 Nb4
0-1